[Event "Reykjavik Open 2016"]
[Site "Reykjavik ISL"]
[Date "2016.03.11"]
[Round "5.75"]
[White "Freuler, Roman"]
[Black "Hielscher, Ursula"]
[Result "1-0"]
[WhiteElo "2047"]
[BlackElo "1875"]
[WhiteFideId "1304283"]
[BlackFideId "4658965"]
[EventDate "2016.03.08"]

1. e4 e6 2. d4 d5 3. e5 Qd7 4. a3 b6 5. Bd3 Ba6 6. Ne2 Bxd3 7. Qxd3 c5 8. c3 Nc6
9. O-O Nge7 10. Nd2 cxd4 11. cxd4 Ng6 12. Nf3 Be7 13. g3 O-O 14. h4 f6 15. Nf4
fxe5 16. Nxg6 hxg6 17. Nxe5 Nxe5 18. dxe5 Rf5 19. f4 Qe8 20. Bd2 Rf8 21. Rac1
Qf7 22. Rc2 Bc5+ 23. Kg2 Qf5 24. Qxf5 gxf5 25. b4 Be7 26. Rfc1 Rfe8 27. Rc7 Kf7
28. R1c6 Red8 29. b5 Kf8 30. Rxe6 Bxa3 31. Rg6 Be7 32. Bb4 Bxb4 33. Rgxg7 Rdc8
34. Rcf7+ Ke8 35. e6 1-0

[Event "Reykjavik Open 2016"]
[Site "Reykjavik ISL"]
[Date "2016.03.11"]
[Round "5.76"]
[White "Runarsson, Gunnar"]
[Black "Sigurdsson, Birkir Karl"]
[Result "1-0"]
[WhiteElo "2028"]
[BlackElo "1857"]
[WhiteFideId "2301768"]
[BlackFideId "2304180"]
[EventDate "2016.03.08"]

1. c4 Nf6 2. Nc3 e6 3. e4 Bb4 4. e5 Bxc3 5. bxc3 Ng8 6. Nf3 d6 7. d4 Nc6 8. exd6
cxd6 9. Be2 Nf6 10. O-O h6 11. d5 Ne7 12. dxe6 Bxe6 13. Nd4 O-O 14. Nxe6 fxe6
15. Bf3 Rc8 16. Bxb7 Rxc4 17. Qe2 Qc7 18. Qxe6+ Kh8 19. Ba3 Rd8 20. Rad1 Ra4 21.
Bxd6 Rxd6 22. Rxd6 Qxb7 23. Rfd1 Re4 24. Qf7 Qc7 25. Rxf6 gxf6 26. Qxf6+ Kh7 27.
Qf7+ Kh8 28. Qf6+ Kh7 29. Qf7+ Kh8 30. g3 Re5 31. Qf6+ Kh7 32. Rd6 Re1+ 33. Kg2
Qb7+ 34. f3 Ng8 35. Qf5+ Kh8 36. Rd7 Qb1 37. Rh7# 1-0

[Event "Reykjavik Open 2016"]
[Site "Reykjavik ISL"]
[Date "2016.03.11"]
[Round "5.77"]
[White "Schadd, Jan"]
[Black "Raddatz, Michael"]
[Result "0-1"]
[WhiteElo "1864"]
[BlackElo "2023"]
[WhiteFideId "1047230"]
[BlackFideId "4613252"]
[EventDate "2016.03.08"]

1. d4 Nf6 2. c4 g6 3. Nc3 Bg7 4. e4 d6 5. Be2 O-O 6. h4 c5 7. d5 e6 8. h5 exd5
9. exd5 Nbd7 10. hxg6 fxg6 11. Bh6 Bxh6 12. Rxh6 Ne5 13. Nf3 Qe7 14. Qd2 Nfg4
15. O-O-O Nxh6 0-1

[Event "Reykjavik Open 2016"]
[Site "Reykjavik ISL"]
[Date "2016.03.11"]
[Round "5.78"]
[White "Andersen, Dag"]
[Black "Birkisson, Bardur Orn"]
[Result "0-1"]
[WhiteElo "1811"]
[BlackElo "2017"]
[WhiteFideId "1504568"]
[BlackFideId "2310597"]
[EventDate "2016.03.08"]

1. e4 c5 2. Nf3 d6 3. Bb5+ Bd7 4. Bxd7+ Qxd7 5. O-O Nf6 6. Re1 Nc6 7. d4 cxd4 8.
Nxd4 g6 9. f3 Bg7 10. Nxc6 bxc6 11. c3 O-O 12. Na3 Qc7 13. Qe2 Nd7 14. Be3 Rab8
15. Rec1 Rfd8 16. Rc2 d5 17. exd5 cxd5 18. Nb5 Qb7 19. a4 a6 20. Na3 e5 21. Qf2
Nf8 22. Rd1 Ne6 23. Ba7 Rbc8 24. Bb6 Rd6 25. a5 Bf8 26. Kh1 Be7 27. Re2 f6 28.
Nc2 Bd8 29. Bxd8 Rcxd8 30. Ne3 Qc7 31. Ng4 Nf4 32. Red2 Qxa5 33. Qh4 Nh5 34.
Nh6+ Kg7 35. Nf5+ gxf5 36. Qxh5 f4 37. g3 fxg3 38. Rg1 Qc7 39. Rxg3+ Kh8 40.
Rdg2 d4 41. Qh6 dxc3 42. bxc3 Rd1+ 43. Rg1 Rxg1+ 44. Rxg1 Qf7 45. c4 Rc8 46. Rc1
a5 47. c5 a4 48. Qe3 Qb3 49. Qf2 a3 50. Rg1 a2 51. Qg2 Rg8 0-1

[Event "Reykjavik Open 2016"]
[Site "Reykjavik ISL"]
[Date "2016.03.11"]
[Round "5.79"]
[White "Danielsson, Robert"]
[Black "Koes, Richard"]
[Result "1-0"]
[WhiteElo "2011"]
[BlackElo "1840"]
[WhiteFideId "1711490"]
[BlackFideId "1020528"]
[EventDate "2016.03.08"]

1. Nf3 Nf6 2. c4 g6 3. g3 Bg7 4. Bg2 c5 5. O-O Nc6 6. d4 cxd4 7. Nxd4 O-O 8. Nc3
Nxd4 9. Qxd4 d6 10. Qd3 a5 11. Bd2 a4 12. Rab1 Nd7 13. Qc2 Nc5 14. b4 axb3 15.
axb3 Bf5 16. e4 Bc8 17. Nd5 Ne6 18. Bc3 Bxc3 19. Qxc3 Ra2 20. Ra1 Rxa1 21. Rxa1
Nc7 22. Qd4 Ne6 23. Qe3 Nc7 24. Nb6 Be6 25. Rd1 Na6 26. e5 Nc5 27. Nd5 Bxd5 28.
Bxd5 Qb6 29. exd6 exd6 30. Rb1 Qb4 31. Qe7 Nd3 32. Qe3 Nc5 33. Qd4 Re8 34. Qf6
Ne6 35. Qf3 b6 36. Ra1 Qd2 37. Ra7 Qe1+ 38. Kg2 f5 39. Qf4 Qe5 40. Qh6 1-0

[Event "Reykjavik Open 2016"]
[Site "Reykjavik ISL"]
[Date "2016.03.11"]
[Round "5.80"]
[White "Probst, Alexander"]
[Black "Driscoll, Walter"]
[Result "1/2-1/2"]
[WhiteElo "2006"]
[BlackElo "1810"]
[WhiteFideId "4657535"]
[BlackFideId "2038501"]
[EventDate "2016.03.08"]

1. e4 e5 2. Nf3 Nc6 3. Nc3 Nf6 4. d4 exd4 5. Nxd4 Bb4 6. Nxc6 Bxc3+ 7. bxc3 dxc6
8. Bd3 Bg4 9. f3 Bh5 10. Ba3 Nd7 11. O-O c5 12. Qe1 O-O 13. f4 f6 14. Bb5 c6 15.
Bc4+ Bf7 16. Qe2 b6 17. Rad1 Qc7 18. Qg4 Rad8 19. Bxf7+ Rxf7 20. Qe6 Nf8 21. Qc4
Rxd1 22. Rxd1 Qxf4 23. Bc1 Qc7 24. g3 Qe7 25. Bf4 Qe6 26. Qxe6 Nxe6 27. Be3 Kf8
28. Rd6 Ke7 29. Rd2 Rf8 30. Rd1 Rd8 31. Re1 Kf7 32. Kf2 Nc7 33. a4 Ne8 34. a5
Nd6 35. axb6 axb6 36. Bf4 Nc4 37. h4 h6 38. h5 Ne5 39. Ra1 Rd7 40. Ra6 Rb7 41.
Ke2 Ke7 42. Ra8 Ke6 43. Re8+ Re7 44. Rb8 b5 45. Kd2 f5 46. Ke3 Ng4+ 47. Kf3 Ne5+
48. Bxe5 Kxe5 49. exf5 Kxf5 50. Rc8 Re6 51. g4+ Kg5 52. Rc7 Kf6 53. Kf4 g5+ 54.
hxg6 Kxg6 55. Rc8 c4 56. Rg8+ Kf7 57. Rc8 Kf6 58. Rc7 Kg6 59. Rc8 Rf6+ 60. Kg3
Kg5 61. Rg8+ Rg6 62. Re8 Rd6 63. Re5+ Kg6 1/2-1/2

[Event "Reykjavik Open 2016"]
[Site "Reykjavik ISL"]
[Date "2016.03.11"]
[Round "5.81"]
[White "Einarsson, Oskar Long"]
[Black "Baer, Samuel"]
[Result "0-1"]
[WhiteElo "1691"]
[BlackElo "2003"]
[WhiteFideId "2309220"]
[BlackFideId "1310518"]
[EventDate "2016.03.08"]

1. e4 c5 2. Nf3 d6 3. d4 cxd4 4. Nxd4 Nf6 5. Nc3 a6 6. Be3 e5 7. Nf3 Be7 8. h3
Bd7 9. a4 Bc6 10. Bd3 Nbd7 11. b4 d5 12. b5 Qa5 13. bxc6 Qxc3+ 14. Bd2 Qxc6 15.
exd5 Qxd5 16. Nh2 Qxg2 17. Ke2 e4 18. Bc4 Ne5 19. Bb3 Nh5 0-1

[Event "Reykjavik Open 2016"]
[Site "Reykjavik ISL"]
[Date "2016.03.11"]
[Round "5.82"]
[White "Jonsson, Gauti Pall"]
[Black "Kruger, Jan"]
[Result "1-0"]
[WhiteElo "1996"]
[BlackElo "1810"]
[WhiteFideId "2309092"]
[BlackFideId "1709119"]
[EventDate "2016.03.08"]

1. e4 g6 2. d4 Bg7 3. Nc3 d6 4. f4 Nd7 5. Nf3 a6 6. a4 c5 7. d5 Ngf6 8. Be2 O-O
9. O-O Qc7 10. Qe1 e6 11. dxe6 fxe6 12. Ng5 Re8 13. f5 exf5 14. Bc4+ Kf8 15.
Ne6+ Rxe6 16. Bxe6 Ne5 17. Bxc8 Qxc8 18. Bf4 Qe6 19. Rd1 Kg8 20. Nd5 Nxd5 21.
exd5 Qe8 22. b3 b5 23. axb5 axb5 24. Kh1 Ra2 25. c3 Qa8 26. c4 bxc4 27. bxc4
Nxc4 28. Qe6+ Kh8 29. Rc1 Nd2 30. Rf2 Bc3 31. Bxd6 Bd4 32. Be5+ Bxe5 33. Qxe5+
Kg8 34. Qe2 Qxd5 35. Re1 c4 36. Qe8+ Kg7 37. Qe7+ Kg8 38. Qe8+ Kg7 39. Qe3 Qa5
40. Qe7+ Kg8 41. Qe8+ Kg7 42. Qd7+ Kh6 43. Qd4 Ne4 44. Qe3+ Kg7 45. Rxa2 Qxa2
46. Qd4+ Kg8 47. Ra1 Qb3 48. Qd8+ Kf7 49. Ra7+ Ke6 50. Re7+ 1-0

[Event "Reykjavik Open 2016"]
[Site "Reykjavik ISL"]
[Date "2016.03.11"]
[Round "5.83"]
[White "Fischer, Robert"]
[Black "Rowan, Daniel"]
[Result "1-0"]
[WhiteElo "1993"]
[BlackElo "1801"]
[WhiteFideId "2008653"]
[BlackFideId "431737"]
[EventDate "2016.03.08"]

1. Nf3 d5 2. g3 Bg4 3. Bg2 c6 4. h3 Bxf3 5. Bxf3 e6 6. d4 Nf6 7. Nc3 Be7 8. O-O
O-O 9. e4 b5 10. exd5 Nxd5 11. Qd3 a6 12. Ne4 Nd7 13. Rd1 Qb6 14. Bg5 N5f6 15.
c3 Rad8 16. Qe3 h6 17. Nxf6+ Nxf6 18. Bxf6 Bxf6 19. Be4 Rd6 20. Bc2 e5 21. Qe4
g6 22. Bb3 exd4 23. Qxg6+ Kh8 24. Qxh6+ Kg8 25. Qg6+ Kh8 26. Qh6+ Kg8 27. Bc2
Rfd8 28. Bh7+ 1-0

[Event "Reykjavik Open 2016"]
[Site "Reykjavik ISL"]
[Date "2016.03.11"]
[Round "5.84"]
[White "Bernhard, Julia"]
[Black "Bergsson, Stefan"]
[Result "0-1"]
[WhiteElo "1769"]
[BlackElo "1974"]
[WhiteFideId "1620860"]
[BlackFideId "2301393"]
[EventDate "2016.03.08"]

1. e4 g6 2. d4 Bg7 3. c3 d5 4. e5 h5 5. Bd3 Nh6 6. h3 c5 7. Nf3 Nc6 8. Be3 Nf5
9. Nbd2 Qb6 10. Qb1 cxd4 11. cxd4 Nb4 12. O-O Bd7 13. Nb3 Nxd3 14. Qxd3 Bb5 15.
Qd2 Bxf1 16. Rxf1 Rc8 17. Nc5 Qc6 18. Rc1 Nxe3 19. fxe3 O-O 20. Qd3 b6 21. Nb3
Qd7 22. Rf1 Qf5 23. Qb5 e6 24. Nbd2 Bh6 25. Re1 Qc2 26. Nf1 Rc7 27. N3d2 Rfc8
28. Re2 Qd1 29. Nf3 Rc1 30. Re1 Qc2 31. Re2 Qe4 32. Nd2 Bxe3+ 33. Kh2 Bf4+ 34.
g3 Qf5 35. gxf4 Qxf4+ 36. Kg2 R1c2 37. Nf3 Qe4 38. Nd2 Qf4 39. Rf2 g5 40. Qb4 a5
41. Qe7 g4 42. hxg4 hxg4 43. Qg5+ Qxg5 44. Nxg5 Rxb2 45. Nf1 Rcc2 46. Rxc2 Rxc2+
47. Kg3 Rxa2 48. Nh2 Rxh2 0-1

[Event "Reykjavik Open 2016"]
[Site "Reykjavik ISL"]
[Date "2016.03.11"]
[Round "5.85"]
[White "Bak, Christopher"]
[Black "Davidsdottir, Nansy"]
[Result "1-0"]
[WhiteElo "1969"]
[BlackElo "1778"]
[WhiteFideId "439517"]
[BlackFideId "2309491"]
[EventDate "2016.03.08"]

1. e4 c5 2. Nf3 e6 3. d4 cxd4 4. Nxd4 a6 5. Bd3 Nc6 6. Nxc6 dxc6 7. Nd2 Qc7 8.
Qe2 Nf6 9. O-O Be7 10. a4 e5 11. Nc4 b5 12. axb5 cxb5 13. Ne3 Bd7 14. Bd2 O-O
15. Ra5 Qb7 16. f3 Bc5 17. Kh1 Bd4 18. c3 Bb6 19. Raa1 Be6 20. Nf5 h6 21. g4
Bxf5 22. exf5 Qd7 23. Rfd1 Qc7 24. h4 Nh7 25. Be4 Ra7 26. g5 Qe7 27. gxh6 Qxh4+
28. Kg2 Qf6 29. Rh1 g6 30. fxg6 fxg6 31. Rh3 g5 32. Rg3 Qxh6 33. Rh1 Qf6 34.
Rxh7 Rxh7 35. Bxg5 Qe6 36. Qd1 Rd7 37. Bh6+ Kh8 38. Bg7+ Rxg7 39. Qh1+ Kg8 40.
Qh7+ Kf7 41. Qxg7+ Ke8 42. Bg6+ 1-0

[Event "Reykjavik Open 2016"]
[Site "Reykjavik ISL"]
[Date "2016.03.11"]
[Round "5.86"]
[White "Yin, Stanley"]
[Black "Ingebretsen, Jens E"]
[Result "1-0"]
[WhiteElo "1961"]
[BlackElo "1755"]
[WhiteFideId "24622729"]
[BlackFideId "1522965"]
[EventDate "2016.03.08"]

1. g3 d5 2. d4 Nf6 3. Nf3 Bf5 4. c3 Nbd7 5. Bg2 h6 6. Bf4 e6 7. Qb3 b6 8. Na3 a6
9. Nd2 c5 10. O-O g5 11. Be5 Nxe5 12. dxe5 Ng4 13. c4 dxc4 14. Bc6+ Ke7 15.
Ndxc4 b5 16. Rfd1 bxc4 17. Qb7+ 1-0

[Event "Reykjavik Open 2016"]
[Site "Reykjavik ISL"]
[Date "2016.03.11"]
[Round "5.87"]
[White "Edvardsen, Ragnar"]
[Black "Mai, Alexander Oliver"]
[Result "1/2-1/2"]
[WhiteElo "1954"]
[BlackElo "1558"]
[WhiteFideId "1502719"]
[BlackFideId "2313391"]
[EventDate "2016.03.08"]

1. e4 e5 2. Nf3 Nc6 3. Bb5 a6 4. Ba4 Nf6 5. O-O Be7 6. Re1 b5 7. Bb3 O-O 8. a4
Bb7 9. c3 d6 10. d4 exd4 11. cxd4 Na5 12. Bc2 c5 13. d5 Nd7 14. axb5 axb5 15.
Nc3 b4 16. Ne2 Bf6 17. g4 g6 18. g5 Bg7 19. Kg2 Qb6 20. h4 b3 21. Bb1 Nc4 22.
Rxa8 Rxa8 23. Nc3 Ra1 24. Nd2 Nxd2 25. Bxd2 Ne5 26. h5 Nc4 27. Rh1 Nxb2 28. Qg4
Nc4 29. Qd7 Ra8 30. hxg6 hxg6 31. Be1 Na3 32. Bd2 Nc4 33. Be1 Na3 34. Bd2 Nc4 1/2-1/2

[Event "Reykjavik Open 2016"]
[Site "Reykjavik ISL"]
[Date "2016.03.11"]
[Round "5.88"]
[White "Baldursson, Haraldur"]
[Black "Gunnarsson, Helgi Petur"]
[Result "0-1"]
[WhiteElo "1947"]
[BlackElo "1737"]
[WhiteFideId "2301423"]
[BlackFideId "2302519"]
[EventDate "2016.03.08"]

1. d4 f5 2. c4 e6 3. Nc3 c6 4. g3 d5 5. Bg2 Nf6 6. Nf3 Bd6 7. O-O Nbd7 8. Qc2
Ne4 9. Nd2 Ndf6 10. Ndxe4 Nxe4 11. Nxe4 dxe4 12. f3 exf3 13. Bxf3 g5 14. Bh5+
Kf8 15. e4 e5 16. c5 Bc7 17. Qb3 Kg7 18. d5 f4 19. d6 Bxd6 20. cxd6 Qxd6 21.
gxf4 Be6 22. Qg3 Rhg8 23. fxe5 Qd4+ 24. Qe3 Qxe5 25. Qxg5+ Kh8 26. Qxg8+ Rxg8+ 0-1

[Event "Reykjavik Open 2016"]
[Site "Reykjavik ISL"]
[Date "2016.03.11"]
[Round "5.89"]
[White "Sigurvaldason, Hjalmar"]
[Black "Murray, Michael A."]
[Result "0-1"]
[WhiteElo "1426"]
[BlackElo "1938"]
[WhiteFideId "2306018"]
[BlackFideId "2609126"]
[EventDate "2016.03.08"]

1. d4 g6 2. e3 Bg7 3. b3 d6 4. Bd3 Nc6 5. a3 f5 6. Bb2 e5 7. Ne2 Nh6 8. O-O O-O
9. c4 Qh4 10. Nd2 e4 11. Bc2 Ng4 12. h3 Nf6 13. Kh2 Qh6 14. g3 g5 15. Kg2 f4 16.
Ng1 f3+ 17. Kh2 Bxh3 18. Nxh3 Ng4+ 19. Kg1 Qxh3 0-1

[Event "Reykjavik Open 2016"]
[Site "Reykjavik ISL"]
[Date "2016.03.11"]
[Round "5.90"]
[White "Ontiveros, John"]
[Black "Kristinsson, Jon"]
[Result "0-1"]
[WhiteElo "1729"]
[BlackElo "2211"]
[WhiteFideId "2303981"]
[BlackFideId "2300141"]
[EventDate "2016.03.08"]

1. d4 Nf6 2. c4 g6 3. Nf3 Bg7 4. Nc3 d6 5. e4 O-O 6. Be2 e5 7. d5 a5 8. h3 Na6
9. Be3 Bd7 10. a3 Nc5 11. Nd2 a4 12. O-O Ne8 13. b4 axb3 14. Nxb3 b6 15. Nxc5
dxc5 16. Qd2 Nd6 17. f4 exf4 18. Bxf4 Qe7 19. Bf3 Nxc4 20. Qc1 Ne5 21. Ra2 Nd3
22. Bg5 Nxc1 23. Bxe7 Nxa2 24. Nxa2 Rfe8 25. d6 Rxa3 26. Nc1 Bd4+ 0-1

[Event "Reykjavik Open 2016"]
[Site "Reykjavik ISL"]
[Date "2016.03.11"]
[Round "5.91"]
[White "Harringer, Manfred"]
[Black "Edel, Fenja"]
[Result "1-0"]
[WhiteElo "2016"]
[BlackElo "1721"]
[WhiteFideId "12958336"]
[BlackFideId "24696749"]
[EventDate "2016.03.08"]

1. e4 e6 2. Qe2 c6 3. Nf3 d5 4. d3 Nf6 5. g3 Be7 6. Bg2 O-O 7. O-O c5 8. c3 Nc6
9. Rd1 d4 10. e5 Nd5 11. c4 Nc7 12. h4 Bd7 13. Bg5 f6 14. exf6 Bxf6 15. Nbd2 Rc8
16. Ne4 Bxg5 17. Nfxg5 Qe7 18. Qh5 h6 19. Qg6 1-0

[Event "Reykjavik Open 2016"]
[Site "Reykjavik ISL"]
[Date "2016.03.11"]
[Round "5.92"]
[White "Berg, Bo 1949"]
[Black "Kuehn, Matthias"]
[Result "0-1"]
[WhiteElo "1664"]
[BlackElo "1957"]
[WhiteFideId "1733869"]
[BlackFideId "24681288"]
[EventDate "2016.03.08"]

1. d4 g6 2. e4 Bg7 3. Nc3 d6 4. Nf3 Bg4 5. Be2 Nc6 6. Be3 e5 7. d5 Nce7 8. h3
Bd7 9. Qd2 f5 10. Bg5 h6 11. Bxe7 Nxe7 12. Nh2 O-O 13. exf5 gxf5 14. g4 Ng6 15.
gxf5 Nf4 16. Bg4 h5 17. Bf3 Bh6 18. Qd1 Bxf5 19. Rg1+ Kh8 20. Bxh5 Qh4 21. Bg4
Nxh3 22. Bxh3 Bxh3 23. Nf3 Qf4 24. Rg3 Bg4 25. Ne2 Qe4 26. Rxg4 Qxf3 0-1

[Event "Reykjavik Open 2016"]
[Site "Reykjavik ISL"]
[Date "2016.03.11"]
[Round "5.93"]
[White "Baldvinsson, Loftur"]
[Black "Steingrimsson, Karl Egill"]
[Result "1-0"]
[WhiteElo "1939"]
[BlackElo "1693"]
[WhiteFideId "2301261"]
[BlackFideId "2304791"]
[EventDate "2016.03.08"]

1. e4 e6 2. d4 d5 3. Nc3 Nf6 4. e5 Nfd7 5. f4 c5 6. Nf3 Nc6 7. Be3 a6 8. Qd2 b5
9. h4 Qa5 10. g3 Rb8 11. Bg2 b4 12. Ne2 c4 13. b3 c3 14. Qd1 Qb6 15. O-O a5 16.
g4 Ba6 17. Rf2 Be7 18. Ng3 h6 19. h5 Bb5 20. Bf1 Ra8 21. Bxb5 Qxb5 22. f5 Qb6
23. fxe6 fxe6 24. Qd3 Nf8 25. Raf1 Qa6 26. Qd1 a4 27. g5 axb3 28. axb3 Nd7 29.
gxh6 gxh6 30. Ne2 Nf8 31. Nf4 Kd7 32. Rg2 Kc7 33. Rg7 Kb6 34. Nh2 Bg5 35. Ng2
Bxe3+ 36. Nxe3 Ra7 37. Qg4 Qc8 38. Nxd5+ exd5 39. Qxc8 Rxg7+ 40. Kh1 Ng6 41. Qg4 1-0

[Event "Reykjavik Open 2016"]
[Site "Reykjavik ISL"]
[Date "2016.03.11"]
[Round "5.94"]
[White "Davidsson, Oskar Vikingur"]
[Black "Birkisson, Bjorn Holm"]
[Result "1/2-1/2"]
[WhiteElo "1628"]
[BlackElo "1929"]
[WhiteFideId "2310627"]
[BlackFideId "2310600"]
[EventDate "2016.03.08"]

1. e4 g6 2. d4 Bg7 3. Nf3 d6 4. Nc3 a6 5. h3 Nd7 6. Be3 b5 7. a3 Bb7 8. Bd3 c5
9. O-O Ngf6 10. Nd2 O-O 11. Re1 Rc8 12. dxc5 Nxc5 13. Bxc5 Rxc5 14. Ne2 Nd7 15.
Rb1 Nb6 16. Ng3 Rc8 17. c3 Qc7 18. Nf3 Rfd8 19. Qe2 Nd7 20. Bc2 Nc5 21. Rbd1 Ne6
22. Qe3 a5 23. Bb3 Nc5 24. Ba2 h6 25. Nd4 Qb6 26. Qf3 e6 27. Qe3 d5 28. exd5
Bxd5 29. Bxd5 Rxd5 30. Qe2 Rcd8 31. Nf3 b4 32. axb4 axb4 33. Rxd5 exd5 34. Qc2
bxc3 35. bxc3 Qb3 36. Qxb3 Nxb3 37. Rb1 Nc5 38. Nd4 Ne4 39. Nxe4 dxe4 40. Ne2 1/2-1/2

[Event "Reykjavik Open 2016"]
[Site "Reykjavik ISL"]
[Date "2016.03.11"]
[Round "5.95"]
[White "Luu, Robert"]
[Black "Knoepfle, Andreas"]
[Result "0-1"]
[WhiteElo "1599"]
[BlackElo "1905"]
[WhiteFideId "2311798"]
[BlackFideId "1270685"]
[EventDate "2016.03.08"]

1. d4 d5 2. Bf4 e6 3. e3 Bd6 4. Bg3 Nf6 5. Bd3 b6 6. c3 O-O 7. Nf3 Ba6 8. Bxa6
Nxa6 9. Qe2 Nb8 10. Nbd2 a6 11. a4 c5 12. O-O Bxg3 13. hxg3 Nbd7 14. Qd3 Qc7 15.
Rfe1 Rfd8 16. Qe2 Ne4 17. Nxe4 dxe4 18. Nd2 f5 19. Qc4 Qd6 20. Red1 cxd4 21. Nb3
d3 22. Nd4 Qd5 23. Qxd5 exd5 24. Nxf5 Nf6 25. f3 Rd7 26. Kf2 Rf8 27. Ke1 Ne8 28.
Nd4 Nd6 29. f4 Nf5 30. Nxf5 Rxf5 31. Kd2 Rd6 32. g4 Rf7 33. Rh1 Rc6 34. Ra3 Rfc7
35. Rh5 Rd7 36. Rh3 Rdd6 37. Ra1 Rh6 38. g5 Rxh3 39. gxh3 Kf7 40. f5 h6 41. h4
Rc8 42. Rg1 Rh8 43. Rg2 hxg5 44. hxg5 Rh1 45. c4 Rb1 46. Kc3 Rc1+ 47. Kd4 Rc2
48. Rg1 dxc4 49. Kxe4 Rxb2 50. g6+ Kf6 51. Kd5 Rc2 52. e4 d2 53. e5+ Kxf5 54.
Rd1 c3 55. Rf1+ Kxg6 56. e6 Rc1 57. e7 Re1 0-1

[Event "Reykjavik Open 2016"]
[Site "Reykjavik ISL"]
[Date "2016.03.11"]
[Round "5.96"]
[White "Kravchuk, Mykhaylo"]
[Black "Lochte, Szilvia"]
[Result "0-1"]
[WhiteElo "1596"]
[BlackElo "1859"]
[WhiteFideId "2310007"]
[BlackFideId "708410"]
[EventDate "2016.03.08"]

1. d4 Nf6 2. c4 e6 3. Nc3 b6 4. e3 Bb7 5. Nf3 d6 6. Bd3 Be7 7. O-O Nbd7 8. b3 e5
9. d5 Nc5 10. e4 a5 11. a4 O-O 12. h3 Nfd7 13. Qc2 Nxd3 14. Qxd3 Nc5 15. Qc2 Bc8
16. Be3 f5 17. Bxc5 bxc5 18. exf5 Bxf5 19. Qe2 Rb8 20. Nd2 Qe8 21. Nb5 Qg6 22.
Kh2 Bd3 23. Qe3 Bg5 24. Qe1 Bxf1 25. Nxf1 Qc2 26. f3 Rxf3 27. Kh1 Rf2 28. Qd1
Rxg2 29. Qxc2 Rxc2 0-1

[Event "Reykjavik Open 2016"]
[Site "Reykjavik ISL"]
[Date "2016.03.11"]
[Round "5.97"]
[White "Meier, Gerd"]
[Black "Finnsson, Johann Arnar"]
[Result "1/2-1/2"]
[WhiteElo "1851"]
[BlackElo "1664"]
[WhiteFideId "4682971"]
[BlackFideId "2308240"]
[EventDate "2016.03.08"]

1. c4 g6 2. g3 Bg7 3. Bg2 Nc6 4. Nf3 d6 5. Nc3 e5 6. d3 f5 7. O-O Nf6 8. Rb1 O-O
9. b4 Rb8 10. a4 Ne7 11. Bd2 Be6 12. Ng5 Bd7 13. b5 h6 14. Nf3 g5 15. e3 Ng6 16.
Qc2 Be6 17. Rfd1 Qd7 18. Rbc1 f4 19. exf4 exf4 20. Ne4 Nxe4 21. dxe4 Qf7 22. Bc3
Ne5 23. Nxe5 Bxe5 24. Bxe5 dxe5 25. f3 Rbd8 26. Rxd8 Rxd8 27. Qc3 Rd4 28. Bf1
Qe7 29. c5 Kf7 30. a5 Kf6 31. b6 axb6 32. cxb6 cxb6 33. axb6 Qb4 34. Qc7 Rd7 35.
Qc5 Qxc5+ 36. Rxc5 Rd6 37. Rb5 Rc6 38. Rb2 Rc3 39. Kf2 h5 40. gxf4 gxf4 41. h4
Bc4 42. Bh3 Be6 1/2-1/2

[Event "Reykjavik Open 2016"]
[Site "Reykjavik ISL"]
[Date "2016.03.11"]
[Round "5.98"]
[White "Kvamme, Ingrid Jodre"]
[Black "Erikstad, Olav"]
[Result "0-1"]
[WhiteElo "1473"]
[BlackElo "1838"]
[WhiteFideId "1516981"]
[BlackFideId "1504983"]
[EventDate "2016.03.08"]

1. Nf3 Nf6 2. g3 c6 3. b3 d5 4. c4 e6 5. Bg2 Be7 6. O-O O-O 7. d3 Nbd7 8. Nbd2
e5 9. Bb2 e4 10. Ng5 e3 11. Ndf3 Ng4 12. Nh3 exf2+ 13. Nxf2 Ne3 14. Qd2 Nxf1 15.
Rxf1 Bf6 16. Ng4 Bxb2 17. Qxb2 Nf6 18. Nxf6+ Qxf6 19. Ne5 Qd6 20. Qd4 Be6 21. c5
Qe7 22. Rf4 f6 23. Ng4 Bxg4 24. Rxg4 Qxe2 25. Qf4 Rae8 0-1

[Event "Reykjavik Open 2016"]
[Site "Reykjavik ISL"]
[Date "2016.03.11"]
[Round "5.99"]
[White "Jonsson, Pall G"]
[Black "Jonasson, Hordur"]
[Result "1-0"]
[WhiteElo "1828"]
[BlackElo "1536"]
[WhiteFideId "2303205"]
[BlackFideId "2311224"]
[EventDate "2016.03.08"]

1. b4 e5 2. Bb2 Bxb4 3. Bxe5 Nf6 4. e3 O-O 5. h3 d5 6. Nf3 c5 7. Be2 Nc6 8. Bb2
Re8 9. O-O h6 10. c3 Ba5 11. Qc2 Bc7 12. a3 Ne5 13. Nxe5 Rxe5 14. f4 Re8 15. Rf3
h5 16. Bb5 Bd7 17. a4 a6 18. Bxd7 Qxd7 19. d3 Re7 20. Nd2 Rae8 21. Re1 Qc6 22.
c4 d4 23. e4 Nh7 24. Ref1 Qd7 25. Bc1 f5 26. exf5 Re3 27. Ne4 Rxf3 28. Rxf3 Qxf5
29. Ng3 Qf7 30. Ne4 Qf5 31. Qe2 b6 32. Qf2 Re6 33. Ng3 Qf7 34. f5 Re8 35. Ne4
Rf8 36. g4 Nf6 37. Ng5 Qd7 38. Ne6 Re8 39. g5 Nh7 40. Qh4 Rxe6 41. fxe6 Qxe6 42.
Qe4 Qd7 43. Rf5 Nf8 44. Bf4 Bxf4 45. Qxf4 Ng6 46. Qe4 Qxa4 47. Qe2 Qd7 48. Qf3
Kh7 49. Qxh5+ 1-0

[Event "Reykjavik Open 2016"]
[Site "Reykjavik ISL"]
[Date "2016.03.11"]
[Round "5.100"]
[White "De Winter, Eric"]
[Black "Lemery, Jon Thor"]
[Result "1-0"]
[WhiteElo "1808"]
[BlackElo "1495"]
[WhiteFideId "1033069"]
[BlackFideId "2313499"]
[EventDate "2016.03.08"]

1. Nf3 Nf6 2. c4 c5 3. Nc3 Nc6 4. g3 e6 5. Bg2 d5 6. cxd5 exd5 7. d4 c4 8. O-O
Be7 9. e3 O-O 10. b3 Nb4 11. Ne1 Bf5 12. bxc4 dxc4 13. e4 Bg4 14. f3 Be6 15. Be3
Qc8 16. d5 Bh3 17. a3 Bxg2 18. Kxg2 Na6 19. Qe2 Nd7 20. f4 Bc5 21. Nc2 Bxe3 22.
Qxe3 Re8 23. e5 Nb6 24. Qd4 Qd7 25. Ne3 Rac8 26. a4 Nc5 27. Qd1 a6 28. a5 Nb3
29. axb6 Nxa1 30. Qxa1 h5 31. Qd1 h4 32. gxh4 Rc5 33. Qg4 Qxg4+ 34. Nxg4 a5 35.
Rd1 Rd8 36. Ne3 1-0